01500nam a2200289 a 4500001001000000005001700010008004100027041000800068044000700076084002000083100004500103245008700148260004600235300005400281440007600335500018900411500007400600500022300674500001000897546002400907650005200931650005600983650003401039650004501073700004201118740005001160BRCA_286920190320204016.0111208s1839----gw-a---###---#000-0dger-u ager agw a281b.F56c18391 aCervantes Saavedra, Miguel ded1547-161610aDer sinnreiche Junker Don Quixote von la Manchacvon Miguel de Cervantes Saavedra. aPforzheim (Alemania)bDennig, Finckc1839 a2 v. en 6 t.bil.c16 cm.e10 láminas plegables 0aRomane und Novellen aus dem Spanischen des Miguel Cervantes de Saavedra aContenido : v 1. Primera parte. Prólogo del autor. Noticia sobre la vida y obra del autr. Texto traducido de la escrita por Viardot. -- v 2. Segunda parte. Prólogo del autor. Texto aEdición : Aus dem Spanischen. Mit Illustrationen nach Tony Johannot aEl texto de esta edición va ajustado al de la anterior. La parte tipográfica es muy buena y las láminas de T. Johannot están bien estampadas. Semipiel; las lomeras están decoradas con dorados Lúdovik Osterc aQM515 aTexto en : alemán14aNovela españolayÉpoca clásica, 1500-170014aLiteratura españolayÉpoca clásica, 1500-170014aNovela españolaySiglo XVII14aDon Quijote (Personaje ficticio)eNovela1 aJohannot, Tonyd1803-1852eIlustrador0 aEl Ingenioso Hidalgo Don Quijote de la Mancha